Datum a čas kvízu
30
Celkem bodů
Celkový počet nahraných bodů na tomto kvízu bez doplňovacích otázek.
4.
Pořadí na kvízu
Konečné umístění týmu na tomto kvízu.
Zaznamenané odpovědi
| # | Otázka | Odpověď | Body | Výsledky |
|---|---|---|---|---|
| 1. | Ve středu schválila česká sněm... | 6 bodů | 0 | |
| 2. | Turistický spolek jisté země v... | Mongolsko | 0 | |
| 3. | Která česká kapela ve čtvrtek... | Olympic | 1 | |
| 4. | Na valné hromadě které společn... | ČEZ | 1 | |
| 5. | Napište jméno české atletky, k... | Barbora Špotáková, Zlatá tretra | 0.5 | |
| 6. | Název stavebnice pochází z dán... | B | 0 | |
| 7. | Na světě se v současnosti nach... | do Německa | 1 | |
| 8. | Svého ztvárnění z Lega se dočk... | Terminátor | 0 | |
| 9. | Speciální sady stavebnice krom... | Bradavice | 0 | |
| 10. | Mezi největší stavby, které lz... | A | 0 |